[Event "16th Sants Open 2014"]
[Site "Barcelona ESP"]
[Date "2014.08.29"]
[Round "8.20"]
[White "Vehi Bach, Victor Manuel"]
[Black "Collins, Sam E."]
[Result "0-1"]
[WhiteTitle "IM"]
[BlackTitle "IM"]
[WhiteElo "2316"]
[BlackElo "2495"]
[WhiteFideId "2200228"]
[BlackFideId "2501198"]
[EventDate "2014.08.22"]

1. e4 e5 2. Nf3 Nc6 3. Nc3 Nf6 4. Bb5 Nd4 5. Nxd4 exd4 6. e5 dxc3 7. exf6 Qxf6
8. dxc3 Bc5 9. O-O O-O 10. Qh5 d6 11. Bg5 Qe5 12. Bd3 h6 13. h4 Re8 14. Rae1
Qxe1 15. Rxe1 Rxe1+ 16. Kh2 hxg5 17. Qh7+ Kf8 18. h5 Bxf2 19. Qh8+ Ke7 20. Qxg7
Bg1+ 0-1

[Event "16th Sants Open 2014"]
[Site "Barcelona ESP"]
[Date "2014.08.29"]
[Round "8.21"]
[White "Ducarmon, Quinten"]
[Black "Ekeberg, Carl Fredrik"]
[Result "1-0"]
[WhiteTitle "IM"]
[BlackTitle "FM"]
[WhiteElo "2479"]
[BlackElo "2294"]
[WhiteFideId "1025007"]
[BlackFideId "1502654"]
[EventDate "2014.08.22"]

1. e4 c6 2. d4 d5 3. e5 Bf5 4. Nf3 e6 5. Be2 c5 6. O-O Nc6 7. c3 Bg4 8. Be3 cxd4
9. cxd4 Nge7 10. Nbd2 a6 11. h3 Bxf3 12. Nxf3 Nf5 13. Bd3 Be7 14. a3 h6 15. Rc1
Qd7 16. Rc3 Nxe3 17. fxe3 O-O 18. Nh2 f6 19. exf6 Rxf6 20. Rxf6 Bxf6 21. Bb1 Qf7
22. Ng4 Bh4 23. Qd3 Kf8 24. Rc1 Ke7 25. Qb3 Kd6 26. Bg6 Qe7 27. Qb6 Bf6 28. b4
Qc7 29. Qc5+ Kd7 30. Rf1 Qd8 31. b5 axb5 32. Qxb5 Ra7 33. a4 Kc7 34. Rc1 Qd7 35.
Qc5 Ra8 36. a5 Kb8 37. Ra1 Qe7 38. Qc3 Qb4 39. Qxb4 Nxb4 40. Bf7 Ra6 41. Nxf6
gxf6 42. Rb1 Nc2 43. Rb3 Rd6 44. Bg6 Rc6 45. a6 Ka7 46. axb7 Kb8 47. Bxc2 Rxc2
48. Rb6 e5 49. Rxf6 exd4 50. exd4 Rd2 51. Rxh6 Rxd4 52. Rh7 1-0

[Event "16th Sants Open 2014"]
[Site "Barcelona ESP"]
[Date "2014.08.29"]
[Round "8.23"]
[White "Garriga Cazorla, Pere"]
[Black "Mascaro March, Pedro"]
[Result "0-1"]
[BlackTitle "IM"]
[WhiteElo "2196"]
[BlackElo "2417"]
[WhiteFideId "32011601"]
[BlackFideId "2217570"]
[EventDate "2014.08.22"]

1. d4 Nf6 2. c4 e6 3. Nf3 d5 4. Nc3 Be7 5. Bg5 O-O 6. e3 Nbd7 7. Rc1 c6 8. Bd3
dxc4 9. Bxc4 Nd5 10. Bxe7 Qxe7 11. Ne4 N5f6 12. Ng3 e5 13. Nf5 Qb4+ 14. Qd2
Qxd2+ 15. Kxd2 exd4 16. N3xd4 Ne5 17. Ne7+ Kh8 18. Nxc8 Raxc8 19. Ke2 Rfd8 20.
Rhd1 c5 21. Nf5 Rxd1 22. Kxd1 g6 23. Ng3 Kg7 24. Ke2 Rd8 25. Nf1 Ne4 26. f3 Nd6
27. Bd5 b6 28. Nd2 f5 29. a3 Ne8 30. Ba2 Nd6 31. Bd5 Re8 32. Nc4 Ndxc4 33. Bxc4
Kf6 34. Ba6 g5 35. b4 cxb4 36. axb4 f4 37. e4 Rd8 38. Bb5 Rd4 39. Rb1 Ke7 40.
Rb2 h6 41. Kf2 Kd6 42. g3 Rd3 43. Kg2 Rxf3 44. Rd2+ Ke6 45. Ra2 Rb3 46. gxf4
gxf4 47. Rxa7 Rxb4 48. Ba6 Rb2+ 49. Kh3 Kf6 50. Ra8 Rb3+ 51. Kh4 Ra3 52. Rf8+
Kg7 53. Ra8 b5 54. Ra7+ Kf6 55. Ra8 b4 56. Rf8+ Kg7 57. Rf5 Ng6+ 0-1

[Event "16th Sants Open 2014"]
[Site "Barcelona ESP"]
[Date "2014.08.29"]
[Round "8.24"]
[White "Delorme, Axel"]
[Black "Urriza Iricibar, Pablo"]
[Result "1-0"]
[WhiteTitle "IM"]
[WhiteElo "2501"]
[BlackElo "2140"]
[WhiteFideId "632023"]
[BlackFideId "22252908"]
[EventDate "2014.08.22"]

1. d4 c5 2. d5 Nf6 3. g3 e6 4. Nc3 exd5 5. Nxd5 Nxd5 6. Qxd5 Nc6 7. c3 d6 8. Nh3
Be6 9. Qd1 Be7 10. Nf4 Qd7 11. Nxe6 fxe6 12. h4 O-O-O 13. Bh3 h5 14. e4 Rdg8 15.
Qb3 Nd8 16. Bf4 g5 17. hxg5 Bxg5 18. O-O-O Bxf4+ 19. gxf4 Qe7 20. f5 Qg5+ 21.
Kb1 Qf4 22. fxe6 Qxe4+ 23. Ka1 Kc7 24. Rde1 Qf3 25. e7 Nc6 26. Be6 Re8 27. Bd5
Qxf2 28. Re6 Rb8 29. Qd1 Qf4 30. Rf1 Qh2 31. Rfe1 Rhe8 32. Bf3 b5 33. Qd5 Rb6
34. Bxh5 b4 35. Bxe8 bxc3 36. Qxd6+ Qxd6 37. Rxd6 1-0

[Event "16th Sants Open 2014"]
[Site "Barcelona ESP"]
[Date "2014.08.29"]
[Round "8.25"]
[White "Cruz, Jonathan"]
[Black "Aubry, Yannis"]
[Result "1-0"]
[WhiteTitle "IM"]
[WhiteElo "2459"]
[BlackElo "2251"]
[WhiteFideId "3802124"]
[BlackFideId "20642407"]
[EventDate "2014.08.22"]

1. c4 d6 2. Nc3 e5 3. g3 Nc6 4. Bg2 g6 5. Rb1 a5 6. a3 Bg7 7. b4 axb4 8. axb4
Nge7 9. b5 Na5 10. d3 O-O 11. Nf3 h6 12. O-O Be6 13. Nd2 d5 14. Ba3 dxc4 15.
dxc4 Re8 16. Qc1 Nxc4 17. Nxc4 Bxc4 18. Bxb7 Ra7 19. Rd1 Qb8 20. Bg2 Kh7 21. Bc5
Ra5 22. Qb2 e4 23. Qb4 Bxc3 24. Qxc3 Rxb5 25. Qxc4 1-0

[Event "16th Sants Open 2014"]
[Site "Barcelona ESP"]
[Date "2014.08.29"]
[Round "8.26"]
[White "Pardo Simon, David"]
[Black "Tallo Dominguez, Imar"]
[Result "1-0"]
[WhiteTitle "IM"]
[WhiteElo "2457"]
[BlackElo "2245"]
[WhiteFideId "2296276"]
[BlackFideId "2283743"]
[EventDate "2014.08.22"]

1. d4 d5 2. Nf3 c6 3. Bf4 Nf6 4. e3 Bf5 5. Be2 h6 6. O-O e6 7. h3 Nbd7 8. c4 Be7
9. Nc3 a6 10. c5 O-O 11. Bh2 Ne4 12. Nxe4 Bxe4 13. Nd2 Bh7 14. Rc1 Qa5 15. a3
Rfc8 16. Rc3 b5 17. b4 Qd8 18. a4 Nf6 19. Ra3 Ne8 20. Qb3 Nc7 21. Rfa1 Rab8 22.
axb5 axb5 23. Ra7 Ra8 24. R1a5 Rxa7 25. Rxa7 Qd7 26. Qa2 Bd8 27. Nb3 Bg6 28. Na5
Ra8 29. Nb7 Rxa7 30. Qxa7 Ne8 31. Qa8 Be7 32. Na5 1-0

[Event "16th Sants Open 2014"]
[Site "Barcelona ESP"]
[Date "2014.08.29"]
[Round "8.27"]
[White "Munoz Pantoja, Miguel"]
[Black "Bendayan Claros, Aaron"]
[Result "1-0"]
[WhiteTitle "GM"]
[WhiteElo "2451"]
[BlackElo "2216"]
[WhiteFideId "3800229"]
[BlackFideId "3803392"]
[EventDate "2014.08.22"]

1. e4 c5 2. Nf3 d6 3. Bb5+ Bd7 4. Bxd7+ Qxd7 5. O-O Nc6 6. d4 cxd4 7. Nxd4 Nf6
8. Re1 g6 9. c4 Bg7 10. Nc3 O-O 11. Nc2 a6 12. Bg5 e6 13. Qd2 Rfd8 14. Ne3 Qc7
15. Bxf6 Bxf6 16. Ncd5 exd5 17. Nxd5 Qa5 18. b4 Nxb4 19. Nxf6+ Kg7 20. Ng4 Qh5
21. Qc3+ Kf8 22. Ne3 Nc6 23. Qh8+ Ke7 24. Nd5+ Kd7 25. Qf6 Ke8 26. Nc7+ Kd7 27.
Qxf7+ 1-0

[Event "16th Sants Open 2014"]
[Site "Barcelona ESP"]
[Date "2014.08.29"]
[Round "8.28"]
[White "Buchenau, Frank"]
[Black "Oliva Castaneda, Kevel"]
[Result "0-1"]
[WhiteTitle "FM"]
[BlackTitle "FM"]
[WhiteElo "2250"]
[BlackElo "2446"]
[WhiteFideId "4604350"]
[BlackFideId "3500799"]
[EventDate "2014.08.22"]

1. e4 c5 2. d3 Nc6 3. f4 g6 4. Nf3 Bg7 5. Be2 e6 6. O-O Nge7 7. c3 d6 8. Be3 O-O
9. Nbd2 b6 10. Qb3 Ba6 11. Rae1 d5 12. Bf2 d4 13. c4 f6 14. g4 f5 15. Bg3 Qd7
16. Nh4 Kh8 17. Bf3 Bb7 18. Re2 Ng8 19. h3 Rae8 20. Rfe1 Bf6 21. g5 Bd8 22. Kh2
fxe4 23. Nxe4 Na5 24. Qd1 Bc7 25. Qd2 Qf7 26. Bg4 Nc6 27. Nf3 Re7 28. a3 a5 29.
Ne5 Qe8 30. Nf6 Nxf6 31. gxf6 Rxf6 32. Bh4 Qf8 33. Kg1 Rxf4 34. Nxc6 Bxc6 35.
Bxe7 Qxe7 36. Rxe6 Qg5 37. Qe2 Bd7 38. Re7 Bxg4 39. Re8+ Kg7 40. Qe7+ Kh6 41.
Qxg5+ Kxg5 42. hxg4 Rxg4+ 43. Kf1 Rg3 44. R8e7 Bf4 45. Rxh7 Rxd3 46. Re6 Rd1+
47. Ke2 Rd2+ 48. Kf3 Rxb2 49. Rg7 Rb3+ 50. Kf2 Be3+ 51. Ke2 Rb2+ 52. Kd3 Kf5 0-1

[Event "16th Sants Open 2014"]
[Site "Barcelona ESP"]
[Date "2014.08.29"]
[Round "8.29"]
[White "Simon Padros, Emili"]
[Black "Cruz, Filemon"]
[Result "1/2-1/2"]
[WhiteTitle "FM"]
[BlackTitle "IM"]
[WhiteElo "2218"]
[BlackElo "2439"]
[WhiteFideId "2205580"]
[BlackFideId "3800296"]
[EventDate "2014.08.22"]

1. e4 e6 2. d4 d5 3. e5 c5 4. c3 Nc6 5. Nf3 Qb6 6. a3 c4 7. g3 Bd7 8. Nbd2 Na5
9. Bh3 f5 10. exf6 gxf6 11. O-O O-O-O 12. Rb1 Ne7 13. Re1 Nf5 14. b4 cxb3 15.
Nxb3 Nc4 16. Qd3 Qc6 17. Nfd2 b6 18. Qf3 Ncd6 19. Bf1 1/2-1/2

[Event "16th Sants Open 2014"]
[Site "Barcelona ESP"]
[Date "2014.08.29"]
[Round "8.30"]
[White "Valdes Romero, Leonardo"]
[Black "Rojano Alfonso, Carlos"]
[Result "1-0"]
[WhiteTitle "IM"]
[WhiteElo "2406"]
[BlackElo "2213"]
[WhiteFideId "6500331"]
[BlackFideId "22229507"]
[EventDate "2014.08.22"]

1. Nf3 Nf6 2. g3 b6 3. Bg2 Bb7 4. O-O e6 5. c4 Be7 6. Nc3 O-O 7. b3 c5 8. Bb2 d5
9. e3 Nbd7 10. Qe2 Ne4 11. cxd5 exd5 12. d4 Ndf6 13. Rfd1 Nxc3 14. Bxc3 Ne4 15.
Bb2 Qc7 16. Rac1 Rad8 17. Ne1 Qb8 18. dxc5 Bxc5 19. Nd3 Be7 20. Nf4 Qa8 21. Rc7
Bg5 22. Ne6 Qb8 23. Bxe4 dxe4 24. Rdc1 Rd5 25. Nxf8 Kxf8 26. Qh5 1-0

[Event "16th Sants Open 2014"]
[Site "Barcelona ESP"]
[Date "2014.08.29"]
[Round "8.31"]
[White "Van der Lende, Ilias"]
[Black "Sanchez, Sebastian Felipe"]
[Result "1/2-1/2"]
[BlackTitle "IM"]
[WhiteElo "2223"]
[BlackElo "2391"]
[WhiteFideId "1019260"]
[BlackFideId "4403304"]
[EventDate "2014.08.22"]

1. e4 c5 2. c3 e6 3. d4 d5 4. exd5 exd5 5. Nf3 a6 6. Be3 cxd4 7. Nxd4 Nf6 8. Be2
Bd6 9. Nd2 h6 10. h3 Nc6 11. Qc2 O-O 12. O-O Re8 13. Nf5 Bc7 14. Bd3 Ne5 15. Bd4
Nh5 16. Rae1 Nf4 17. Bxe5 Rxe5 18. Rxe5 Bxe5 19. Nf3 Bc7 20. Re1 Be6 21. N5d4
Qf6 22. Bf5 Rf8 23. c4 Bxf5 24. Nxf5 dxc4 25. Ne7+ Kh8 26. Qxc4 Ba5 27. Re5 b5
28. Qe4 Bc7 29. Rf5 Qxb2 30. Ne5 Bxe5 31. Qxe5 Qxe5 32. Rxe5 Ng6 33. Nxg6+ fxg6
34. Re6 Rf6 35. Re8+ Kh7 36. Ra8 Rc6 37. h4 Rc1+ 38. Kh2 Rc4 39. Rxa6 Rxh4+ 40.
Kg3 Ra4 41. Rb6 b4 42. f3 g5 43. Kh3 Kg8 44. Rb7 Kf8 45. Kg3 Ke8 46. Rxg7 Rxa2
47. Rg6 Kd7 48. Rxh6 Kc7 49. Rh1 Kb6 50. Rg1 Ra8 51. f4 gxf4+ 52. Kxf4 Kc5 53.
g4 Kd4 54. g5 b3 55. g6 b2 56. Rb1 Kc3 57. Kg5 Ra1 58. Rxb2 Rg1+ 59. Kf6 Kxb2
60. g7 1/2-1/2

[Event "16th Sants Open 2014"]
[Site "Barcelona ESP"]
[Date "2014.08.29"]
[Round "8.32"]
[White "Perez Pastora, Evarist"]
[Black "Zude, Erik"]
[Result "0-1"]
[BlackTitle "IM"]
[WhiteElo "2181"]
[BlackElo "2381"]
[WhiteFideId "2258102"]
[BlackFideId "4604644"]
[EventDate "2014.08.22"]

1. e4 e5 2. Nf3 d6 3. d4 exd4 4. Nxd4 Nf6 5. Nc3 Be7 6. Be2 O-O 7. O-O a6 8. a4
c5 9. Nb3 Nc6 10. Be3 b6 11. f4 Bb7 12. Bf3 Qc7 13. Nd5 Nxd5 14. exd5 Nb8 15. c4
Nd7 16. Nd2 Rfe8 17. Qc2 b5 18. b3 Bf6 19. Rae1 Rxe3 20. Rxe3 Bd4 21. Re1 Re8
22. Nf1 Qa5 23. Kf2 Nf6 24. Kg3 Bxe3 25. Rxe3 Rxe3 26. Nxe3 Qe1+ 27. Qf2 Qc3 28.
axb5 axb5 29. Qe2 g6 30. Kf2 Qxb3 31. cxb5 Kg7 32. Nc4 Qxb5 33. Nxd6 Qxe2+ 34.
Kxe2 Bxd5 35. Ne8+ Nxe8 36. Bxd5 h6 37. Kf3 Nd6 38. g4 g5 39. Ke3 f6 40. Kf3 Kf8
41. h4 Ke7 42. hxg5 hxg5 43. Ke3 Kd7 44. Kd3 gxf4 45. Ke2 Nb5 46. Kf3 Kd6 47.
Bg8 Ke5 48. Ke2 Nd4+ 49. Kd3 Nf3 50. Bh7 Kd6 51. Bf5 Ne5+ 52. Ke4 f3 53. Ke3 c4
54. Bc2 Kc5 55. Bf5 Kb4 56. Be4 Kb3 57. Bd5 Kb4 58. Be4 c3 59. Bd5 Ka3 60. Be4
Kb2 61. g5 fxg5 62. Kd4 0-1

[Event "16th Sants Open 2014"]
[Site "Barcelona ESP"]
[Date "2014.08.29"]
[Round "8.33"]
[White "Shatko, Danil"]
[Black "Skomorokhin, Roman"]
[Result "1/2-1/2"]
[BlackTitle "IM"]
[WhiteElo "2178"]
[BlackElo "2378"]
[WhiteFideId "2297540"]
[BlackFideId "4112610"]
[EventDate "2014.08.22"]

1. c4 e6 2. Nc3 d5 3. d4 Nf6 4. cxd5 Nxd5 5. e4 Nxc3 6. bxc3 c5 7. Nf3 cxd4 8.
cxd4 Bb4+ 9. Bd2 Bxd2+ 10. Qxd2 O-O 11. Be2 b6 12. O-O Bb7 13. Qe3 Nd7 14. e5 h6
15. Nd2 Qg5 16. Qxg5 hxg5 17. Bb5 Rfd8 18. Nc4 Nf8 19. Nd6 Bd5 20. Rfc1 f6 21.
Bc6 Bxc6 22. Rxc6 Ng6 23. Re1 Ne7 24. Rc4 Nd5 25. a4 Kh7 26. h3 Kg6 27. g3 Rd7
28. Rec1 Rad8 29. Kg2 Ne7 30. g4 Nd5 31. Rc8 Nf4+ 32. Kh2 fxe5 33. dxe5 Nd3 34.
Rxd8 Rxd8 35. Rc8 Rxc8 36. Nxc8 Nc5 37. Nxa7 Nxa4 38. Kg3 Nc3 39. Nc6 Kf7 40. h4
gxh4+ 41. Kxh4 b5 42. f4 Nd5 43. f5 exf5 44. gxf5 Ne7 1/2-1/2

[Event "16th Sants Open 2014"]
[Site "Barcelona ESP"]
[Date "2014.08.29"]
[Round "8.34"]
[White "Carrasco Rodriguez, Jesus"]
[Black "Baches Garcia, Guillermo"]
[Result "0-1"]
[BlackTitle "IM"]
[WhiteElo "2172"]
[BlackElo "2377"]
[WhiteFideId "2256142"]
[BlackFideId "2209764"]
[EventDate "2014.08.22"]

1. e4 c5 2. Nf3 Nc6 3. Bb5 g6 4. O-O Bg7 5. c3 e5 6. d3 Nge7 7. Be3 d6 8. d4
exd4 9. cxd4 O-O 10. Nc3 b6 11. Qd2 Bg4 12. d5 Na5 13. Ne1 a6 14. Be2 Bxe2 15.
Qxe2 b5 16. Rd1 Re8 17. Qc2 Nc4 18. Bc1 Qa5 19. Nd3 Nc8 20. Rfe1 N8b6 21. Nb1
Qxa2 22. Nc3 Qa5 23. e5 Nxe5 24. Nxe5 Rxe5 25. Rxe5 Bxe5 26. Ne4 Nxd5 0-1

[Event "16th Sants Open 2014"]
[Site "Barcelona ESP"]
[Date "2014.08.29"]
[Round "8.35"]
[White "Lillo Castany, Victor"]
[Black "Maslov, Ivan"]
[Result "1-0"]
[WhiteTitle "FM"]
[WhiteElo "2319"]
[BlackElo "2163"]
[WhiteFideId "2278995"]
[BlackFideId "24169820"]
[EventDate "2014.08.22"]

1. e4 c5 2. Nf3 Nc6 3. Bb5 e6 4. O-O Nge7 5. c3 a6 6. Ba4 b5 7. Bc2 Bb7 8. Qe2
d5 9. e5 c4 10. d3 cxd3 11. Bxd3 Ng6 12. Re1 Be7 13. g3 b4 14. h4 bxc3 15. Nxc3
d4 16. Nb1 Nb4 17. h5 Nxd3 18. Qxd3 Qd5 19. Nbd2 Bb4 20. Qxd4 Qxd4 21. Nxd4 Ne7
22. a3 Ba5 23. N4b3 Bc7 24. Nc5 Bd5 25. b4 Bb6 26. Nde4 Nc6 27. Bb2 Ke7 28. Bc3
Bxe4 29. Nxe4 Nd4 30. Red1 Rhd8 31. Kf1 Rac8 32. Rac1 Rd7 33. Nd6 Rcc7 34. Bxd4
Rxc1 35. Rxc1 Bxd4 36. Rc6 Bxe5 37. Nc4 Bd4 38. Rxa6 Rc7 39. Ne3 Bxe3 40. fxe3
Rc2 41. Ra7+ Kf6 42. b5 Rb2 43. a4 g5 44. hxg6 hxg6 45. Ke1 g5 46. Kd1 Kf5 47.
Kc1 Rb4 48. Kc2 Kg4 49. Kc3 Rb1 50. Rxf7 Kxg3 51. Kc4 1-0

[Event "16th Sants Open 2014"]
[Site "Barcelona ESP"]
[Date "2014.08.29"]
[Round "8.36"]
[White "Rodriguez Ferraz, Borja"]
[Black "Sorm, Daniel"]
[Result "0-1"]
[BlackTitle "FM"]
[WhiteElo "2175"]
[BlackElo "2312"]
[WhiteFideId "2256258"]
[BlackFideId "5400139"]
[EventDate "2014.08.22"]

1. Nf3 d5 2. d4 c6 3. Bf4 Bf5 4. e3 e6 5. Nbd2 Bd6 6. Bxd6 Qxd6 7. Be2 Nd7 8.
Nh4 Ngf6 9. c4 O-O 10. g4 Be4 11. f3 Bg6 12. O-O e5 13. dxe5 Qxe5 14. Qb3 d4 15.
f4 Qxe3+ 16. Qxe3 dxe3 17. Nb3 h6 18. f5 Bh7 19. Ng2 Rfe8 20. Rf4 a5 21. a4 Ne4
22. Ra3 h5 23. h3 g6 24. Nd4 Ng3 25. Kh2 g5 26. Kxg3 gxf4+ 27. Kxf4 hxg4 28.
hxg4 Nc5 29. Kg5 Rad8 30. Nf3 0-1

[Event "16th Sants Open 2014"]
[Site "Barcelona ESP"]
[Date "2014.08.29"]
[Round "8.37"]
[White "Gschwendtner, Klaus"]
[Black "Peelen, Piet"]
[Result "0-1"]
[BlackTitle "IM"]
[WhiteElo "2125"]
[BlackElo "2303"]
[WhiteFideId "4633598"]
[BlackFideId "1000403"]
[EventDate "2014.08.22"]

1. e4 c6 2. Nc3 d5 3. Nf3 Bg4 4. Be2 Nf6 5. exd5 cxd5 6. d4 Nc6 7. O-O e6 8. h3
Bxf3 9. Bxf3 Be7 10. Ne2 O-O 11. c3 b5 12. a3 Qb6 13. Be3 Ne8 14. Nf4 Nd6 15. g4
a5 16. Be2 Nc4 17. Bd3 Nxb2 18. Bxh7+ Kxh7 19. Qc2+ Kg8 20. Qxb2 Rab8 21. Rfe1
Qc7 22. Nd3 Bd6 23. Qe2 Qe7 24. Bf4 Rfc8 25. Qe3 b4 26. Bxd6 Qxd6 27. cxb4 axb4
28. axb4 Nxb4 29. Nxb4 Rxb4 30. Ra7 Qb6 31. Rea1 Qxd4 32. Qf3 Qf4 33. Qa3 Rbc4
34. Ra8 Rxa8 35. Qxa8+ Kh7 36. Qd8 g5 37. Qb6 Rc1+ 38. Rxc1 Qxc1+ 39. Kg2 Qf4
40. Qd8 Kg7 41. f3 Qd2+ 42. Kf1 Qe3 43. Kg2 Qe2+ 44. Kg3 Qe3 45. Kg2 d4 46. h4
Qe2+ 47. Kg1 Qe3+ 48. Kg2 Qd2+ 49. Kf1 gxh4 50. Qxh4 Qf4 0-1

[Event "16th Sants Open 2014"]
[Site "Barcelona ESP"]
[Date "2014.08.29"]
[Round "8.38"]
[White "Gomez Jurado, Luis Alberto"]
[Black "Stahl, Clement"]
[Result "1-0"]
[WhiteTitle "FM"]
[WhiteElo "2302"]
[BlackElo "2155"]
[WhiteFideId "2202107"]
[BlackFideId "656879"]
[EventDate "2014.08.22"]

1. c4 e5 2. g3 Nc6 3. Nc3 g6 4. Bg2 Bg7 5. e4 d6 6. Nge2 h5 7. h4 Bg4 8. f3 Be6
9. Nd5 Qd7 10. O-O Nh6 11. d3 Ne7 12. Bg5 Nxd5 13. cxd5 Bh3 14. Rc1 Bxg2 15.
Kxg2 f6 16. Be3 Nf7 17. Rc4 Bh6 18. Bxh6 Nxh6 19. Qd2 b5 20. Rc6 Rc8 21. Rfc1 g5
22. hxg5 Nf7 23. gxf6 Rg8 24. Rh1 Qd8 25. Qa5 h4 26. Qa6 Kd7 27. Qxb5 Qxf6 28.
Rhc1 Ke7 29. Rxc7+ Rxc7 30. Rxc7+ Kf8 31. Rc8+ Kg7 32. Rxg8+ Kxg8 33. Qe8+ Kg7
34. Qe6 h3+ 35. Qxh3 Ng5 36. Qf5 Qh6 37. f4 Nf7 38. g4 Qh4 39. a3 exf4 40. Qxf4
Kg8 41. Qf5 Qh6 42. g5 Nxg5 43. Qg4 Kf8 44. Nf4 Qf6 45. d4 Nf7 46. Kf3 1-0

[Event "16th Sants Open 2014"]
[Site "Barcelona ESP"]
[Date "2014.08.29"]
[Round "8.39"]
[White "Locci, Damiano"]
[Black "De Marchi, Olivier"]
[Result "1/2-1/2"]
[BlackTitle "FM"]
[WhiteElo "2113"]
[BlackElo "2299"]
[WhiteFideId "819751"]
[BlackFideId "613517"]
[EventDate "2014.08.22"]

1. e4 c5 2. Nf3 g6 3. d4 cxd4 4. Nxd4 Nc6 5. c4 Nf6 6. Nc3 d6 7. Nc2 Bg7 8. Be2
Nd7 9. Bd2 O-O 10. O-O Nc5 11. b4 Ne6 12. Rc1 a5 13. a3 Ned4 14. Nxd4 Nxd4 15.
Be3 Nxe2+ 16. Qxe2 axb4 17. axb4 Be6 18. Rfd1 Ra3 19. Nd5 1/2-1/2

[Event "16th Sants Open 2014"]
[Site "Barcelona ESP"]
[Date "2014.08.29"]
[Round "8.40"]
[White "Gurevich, Daniel"]
[Black "Del Amo Carbo, Jordi"]
[Result "1/2-1/2"]
[WhiteTitle "FM"]
[WhiteElo "2298"]
[BlackElo "2112"]
[WhiteFideId "2044676"]
[BlackFideId "2234777"]
[EventDate "2014.08.22"]

1. e4 e5 2. Nf3 Nc6 3. Bb5 Nf6 4. O-O Nxe4 5. Re1 Nd6 6. Nxe5 Nxe5 7. Rxe5+ Be7
8. Bf1 O-O 9. d4 Bf6 10. Re1 Nf5 11. c3 d5 12. Nd2 Nd6 13. Nf3 c6 14. Bf4 Bf5
15. Qb3 b6 16. Ne5 Bxe5 17. Bxe5 Ne4 18. Ba6 Qd7 19. f3 Nd6 20. a4 f6 21. Bg3
Rfe8 22. Bf1 Bg6 23. a5 b5 24. Qb4 Nf5 25. Bf4 Bf7 26. g4 Nh4 27. Kf2 g5 28. Qd6
Qxd6 29. Bxd6 a6 30. f4 gxf4 31. Bxf4 Kg7 32. Kg3 Ng6 33. Bd3 Nxf4 34. Kxf4 Bg6
35. Bf5 Bxf5 36. Kxf5 Kf7 37. h4 h6 38. g5 fxg5 39. hxg5 hxg5 40. Re5 Rxe5+ 41.
dxe5 Rh8 42. Rf1 Rh2 43. Kxg5+ Ke6 44. Rf6+ Kxe5 45. Rxc6 Rg2+ 46. Kh4 Rxb2 47.
Rxa6 d4 48. cxd4+ Kxd4 49. Ra8 Kc5 50. Kg3 Ra2 51. Kf3 Kc4 52. a6 b4 53. a7 Kb3
54. Ke3 Ra6 55. Kd2 Ka3 56. Kc1 b3 57. Kb1 Ra5 58. Rh8 Rxa7 59. Rh1 Rb7 1/2-1/2

[Event "16th Sants Open 2014"]
[Site "Barcelona ESP"]
[Date "2014.08.29"]
[Round "8.41"]
[White "Blasco Coll, Andreu"]
[Black "Chalmeta Ugas, Ramon"]
[Result "0-1"]
[BlackTitle "FM"]
[WhiteElo "2086"]
[BlackElo "2292"]
[WhiteFideId "22272836"]
[BlackFideId "2256339"]
[EventDate "2014.08.22"]

1. d4 Nf6 2. c4 g6 3. Nc3 d5 4. Nf3 Bg7 5. Qb3 dxc4 6. Qxc4 a5 7. e4 c6 8. e5
Nd5 9. Nxd5 Qxd5 10. Qxd5 cxd5 11. Bg5 f6 12. exf6 exf6 13. Be3 Bd7 14. Rc1 Nc6
15. Bb5 Nb4 16. Bxd7+ Kxd7 17. O-O Nxa2 18. Rc5 Nb4 19. Rfc1 Rhc8 20. Bd2 Rxc5
21. Rxc5 b6 22. Rc1 Nc6 23. Kf1 f5 24. Be3 Re8 25. h3 Bf6 26. Rd1 Re4 27. Nd2
Re6 28. Nf3 Kc7 29. b3 Kb7 30. g3 Ka6 31. Ke2 Nb4 32. Rc1 Rc6 33. Rxc6 Nxc6 34.
Kd3 b5 35. Kc3 a4 36. bxa4 bxa4 37. Bf4 Kb5 38. Bd6 Bd8 39. Ne5 Ba5+ 40. Kd3 Bb6
41. Nf3 Ba5 42. Ne5 Be1 43. Ke2 Bc3 44. Nxc6 Kxc6 45. Bc5 Kb5 46. Kd3 Be1 47.
Ke2 Bb4 0-1

[Event "16th Sants Open 2014"]
[Site "Barcelona ESP"]
[Date "2014.08.29"]
[Round "8.42"]
[White "Kenneskog, Theodor"]
[Black "Delgado Pico, Lluis"]
[Result "1-0"]
[WhiteElo "2285"]
[BlackElo "2082"]
[WhiteFideId "1715011"]
[BlackFideId "2226618"]
[EventDate "2014.08.22"]

1. d4 Nf6 2. c4 g6 3. Nc3 Bg7 4. e4 d6 5. f3 O-O 6. Be3 Nc6 7. Nge2 a6 8. Qd2
Rb8 9. Rc1 Bd7 10. Nd1 b5 11. c5 dxc5 12. Rxc5 Ne8 13. Nf2 Nd6 14. b3 e5 15. d5
Ne7 16. g3 f5 17. Bg2 Rf7 18. O-O Ne8 19. Rfc1 Nc8 20. Nd3 Ncd6 21. R5c2 fxe4
22. fxe4 Nf6 23. Nxe5 Re7 24. Nxd7 Nfxe4 25. Bxe4 Nxe4 26. Qb4 a5 27. Qxa5 Rxd7
28. Bf4 Rxd5 29. Qxc7 Rd1+ 30. Kg2 Rxc1 31. Rxc1 Qxc7 32. Rxc7 Ra8 33. Rc2 b4
34. Bd2 Nxd2 35. Rxd2 Kf7 36. Nf4 Bc3 37. Rc2 Ra5 38. Kf3 g5 39. Ne2 Be5 40. Ke4
Kg6 41. Kd3 Bg7 42. Ke4 Bf8 43. Nd4 Rc5 44. Kd3 Ra5 45. g4 Kf6 46. Rf2+ Kg6 47.
Rxf8 Rxa2 48. h3 1-0

[Event "16th Sants Open 2014"]
[Site "Barcelona ESP"]
[Date "2014.08.29"]
[Round "8.44"]
[White "Jaksland, Tim"]
[Black "Orteu Capdevila, Max"]
[Result "1/2-1/2"]
[WhiteTitle "FM"]
[WhiteElo "2262"]
[BlackElo "1998"]
[WhiteFideId "1401084"]
[BlackFideId "32075359"]
[EventDate "2014.08.22"]

1. Nf3 Nf6 2. c4 g6 3. b4 Bg7 4. Bb2 O-O 5. g3 b6 6. Bg2 Bb7 7. O-O d6 8. d3
Nbd7 9. Nc3 c5 10. b5 Qc7 11. e4 e6 12. Qb3 Rfe8 13. h3 d5 14. cxd5 exd5 15.
Nxd5 Nxd5 16. Bxg7 Kxg7 17. exd5 Nf6 18. Ng5 Rad8 19. Rfe1 Bxd5 20. Bxd5 Rxe1+
21. Rxe1 Rxd5 1/2-1/2